000 00403cam a2200169ua 4500
041 _aeng
_h
082 _a828.09
_bYOU/DHL
100 _aYough, Kenneth .
245 _aD H Lawrence /
_cKenneth Young.
_hTextual Documents
250 _a1 /
_b.
260 _aLondon :
_bLongman Green and Co ,
_c1966.
300 _a56 ; .
504 _a
942 _cBK
999 _c6993
_d6993